Países de Europa Central-Este - Estadísticas

Estadísticas generales
  • Esta prueba ha sido intentada 31 veces
  • La puntuación promedio es 23 de 26
Respuestas en el mapa
Las respuestas están codificadas por una escala verde-roja en el mapa de la prueba según el % correcto abajo.
 
Estadísticas de respuestas
Respuesta % Correcto
Eslovenia
96%
Grecia
96%
Albania
93%
Austria
93%
Croacia
93%
Eslovaquia
93%
Eslovaquia
93%
Kosovo
93%
Macedonia del Norte
93%
Montenegro
93%
Polonia
93%
Polonia
93%
República Checa
93%
Rumania
93%
Serbia
93%
Bielorrusia
89%
Bosnia y Herzegovina
89%
Bulgaria
89%
Estonia
89%
Hungría
89%
Letonia
89%
Lituania
89%
Moldavia
89%
Ucrania
89%
Malta
71%
Turquía
25%
No se encontraron pruebas coincidentes
Distribución de puntuación
Porcentaje de gente con cada puntuación
Porcentaje por número respondido
Historial de tus puntuaciones
No has intentado esta prueba.